00981nam a22001937a 4500003000400000082001800004100002100022245015100043260004400194300000800238650002800246653002800274942001200302952010800314952011600422952011600538952011600654999001700770SGT a617.601bI21S aSabherwal, Ruchi aImpact of sense of coherence on Oral Health, Oral Health related Behaviours and Oral Health related Quality of Life among an adolescent population aGurugram, HaryanabSGT Universityc2021 a181 aPublic Health Dentistry aPublic Health Dentistry 2ddccTH 00102ddc405171aFDbFDd2023-04-18iSGTUo617.601 I21SpDT1574r2023-04-18 00:00:00w2023-04-18yTH 00102ddc40718MEDICALaFMbFMcREFd2024-06-20l0o617.601 I21SpDT1691r2024-06-20 00:00:00w2024-06-20yTH 00102ddc40718MEDICALaFMbFMcREFd2024-06-20l0o617.601 I21SpDT1692r2024-06-20 00:00:00w2024-06-20yTH 00102ddc40718MEDICALaFMbFMcREFd2024-06-20l0o617.601 I21SpDT1693r2024-06-20 00:00:00w2024-06-20yTH c23897d23897